La Bretagne de A à Z - Statistiques

Statistiques générales
  • Ce quiz a été pris 2 866 fois
  • Le résultat moyen est 15 sur 26
Statistiques - réponses
Lettre Question Réponse % Correct
A Duchesse de Bretagne, grâce à laquellela Bretagne sera annexé à la France Anne de Bretagne
91%
M Département du Sud de la Bretagne Morbihan
85%
J Le Ouest France est un _____ en Bretagne Journal
83%
Q Chef-lieu du Finistère Quimper
83%
V Principale ville du golfe du Morbihan Vannes
82%
K Aurevoir en breton Kenavo
81%
H Fruit de mer dont la Bretagne est l'un desplus gros producteur en France Huître
80%
I Certains sont pour l'_______ de la Bretagne Indépendance
79%
N Ville où se trouve le château des Ducs deBretagne Nantes
76%
S Charcuterie de porc souvent mise dansune galette en Ille-et-Vilaine Saucisse
75%
D Construction mégalithique préhistoriqueque l'on retrouve beaucoup en Bretagne Dolmen
74%
F Fête bretonne inventé dans les années 1950 Fest Noz
70%
O Île bretonne la plus à l'Ouest Ouessant
70%
Y Prénom Breton équivalent de Jean Yann
70%
U Entreprise de création de jeux-vidéosné en Bretagne Ubisoft
62%
C Navigateur qui à découvert le Canada,né à Saint-Malo Jacques Cartier
57%
T Symbole celte à trois branches Triskell
55%
R Nom du stade où jouent les rouges et noirs Roazhon Park
52%
G Nom du drapeau breton Gwenn-ha-du
48%
X Rejoint le royaume de France en ce siècle XVI
35%
B Nom des habitants de l'Ille-et-Vilaine Bretillien
34%
W Quelle alcool au blé noir est produit en Bretagne Whisky
34%
E Contre quoi se battent les irréductibles gauloisvivant dans le Finistère de la BD Astérix Empire romain
22%
L Eau-de-vie de cidre de Bretagne Lambig
15%
Z Cette entreprise d'optique possède uneusine en Ille-et-Vilaine Zeiss
8%
P Point le plus à l'ouest en France (sans lesîles) Pointe de Corsen
7%
Aucun quiz correspondant
Distribution des résultats
% des personnes avec chaque résultat
Percentile par nombre de réponses
Votre historique - résultats
Vous n’avez pas pris ce quiz